Leto v knižnici

Bibliographic Details
Main Author: Čomajová, Marta, 1958- (Author)
Format: Article
Language:Slovak
Subjects:

MARC

LEADER 00000nab a2200000 a 4500
001 vtls000397969
003 SK-MaSNL
005 20260303173531.0
008 230217c1990 xo 0 slo
015 |a SNBRB19rr/mm-uuuuu 
035 |a CL0398093 
035 |a urn:nbn:sk:snk-abbl6x 
035 |a (urnnbn)urn:nbn:sk:snk:ar-001aep 
035 |a (uuid)3d7f40cd-ff82-4410-a1c7-26e49ee9c0f4 
040 |a SNKBUCL  |b slo  |c SNKBUCL  |e AACR2 
041 0 |a slo 
044 |a xo  |c SK 
080 |a 027.53(437.6)  |2 1981 
080 |a 028  |2 1981 
080 |a 374  |2 1981 
100 1 |a Čomajová, Marta,  |d 1958-  |4 aut  |9 213470 
245 1 0 |a Leto v knižnici  |c M. Čomajová ; Marta Čomajová 
610 2 7 |a Okresná knižnica (Rimavská Sobota, Slovensko)  |2 snkbucl  |9 152891 
650 0 7 |a knižnice  |2 snkbucl  |9 17965 
651 7 |a Rimavská Sobota (Slovensko)  |2 snkbucl  |9 28655 
655 7 |a články z novín a časopisov  |2 snkbucl  |9 267496 
773 0 |t Čitateľ  |g Roč. 39, č. 10 (1990), s. 375 
850 |a Slovenská národná knižnica v Martine  |a MTA001 
852 |a SNK  |b KIS3GCP 
954 |a odborná, vedecká literatúra pôvodná (slovenská)  |2 lita 
958 |a KL 
958 |a OND 
958 |a EUIPO 
958 |a article15 
992 |a RBX 
999 |c 2092839  |d 2094769